CAPTA : successes and failures at preventing child abuse and neglect : hearing before the Subcommittee on Select Education of the Committee on Education and the Workforce, House of Representatives, One Hundred Seventh Congress, first session, hearing held in Washington, DC, August 2, 2001.

Bibliographic Details
Corporate Authors: United States. Congress. House. Committee on Education and Labor. Subcommittee on Select Education, ProQuest (Firm)
Format: Government Document eBook
Language:English
Published: Washington : U.S. G.P.O. : 2002.
Series:U.S. Congressional Hearings.
Subjects:
Online Access:Connect to the full text of this electronic book

MARC

Tag First Indicator Second Indicator Subfields
LEADER 00000cam a22000001a 4500
001 in00003264708
006 m d f
007 cr bn mmmapmmp
008 090922s2002 dcua ob f001 0 eng d
005 20260511184821.1
035 |a cis2007473484 
040 |a UMI  |c UMI  |d UtOrBLW 
043 |a n-us--- 
074 |a 1015-A 
074 |a 1015-A (online) 
074 |a 1015-B (MF) 
074 |a 1015-B (online) 
086 0 |a Y 4.ED 8/1:107-28 
088 |a Serial no. 107-28 (United States. Congress. House. Committee on Education and the Workforce) 
099 |a HRG-2001-HEW-0026 
110 1 |a United States.  |b Congress.  |b House.  |b Committee on Education and Labor.  |b Subcommittee on Select Education. 
245 1 0 |a CAPTA :  |b successes and failures at preventing child abuse and neglect : hearing before the Subcommittee on Select Education of the Committee on Education and the Workforce, House of Representatives, One Hundred Seventh Congress, first session, hearing held in Washington, DC, August 2, 2001. 
264 1 |a Washington :  |b U.S. G.P.O. :  |c 2002. 
264 2 |a Washington :  |b For sale by the Supt. of Docs., U.S. G.P.O. [Congressional Sales Office], 
300 |a 1 online resource. 
336 |a text  |b txt  |2 rdacontent 
337 |a computer  |b c  |2 rdamedia 
338 |a online resource  |b cr  |2 rdacarrier 
500 |a Record is based on bibliographic data in ProQuest Congressional Hearings Digital Collection. Reuse except for individual research requires license from ProQuest, LLC. 
504 |a Includes bibliographical references and index. 
530 |a Also available via Internet from the GPO Access web site. Address as of 8/22/02: http://frwebgate.access.gpo.gov/cgi -bin/getdoc.cgi?dbname=107 house hearings&docid=f:80038.pdf; current access is available via PURL. 
538 |a System requirements: PDF reader software. 
500 |a Electronic resource. 
610 1 0 |a United States.  |t Child Abuse Prevention and Treatment Act. 
650 0 |a Child abuse  |z United States  |x Prevention. 
650 0 |a Abused children  |x Government policy  |z United States. 
655 7 |a Electronic books.  |2 local 
710 2 |a ProQuest (Firm) 
776 0 8 |i Print version:  |a United States. Congress. House. Committee on Education and the Workforce. Subcommittee on Select Education.  |t CAPTA  |w (DGPO)99100325 
776 0 8 |i Microfiche version:  |a United States. Congress. House. Committee on Education and the Workforce. Subcommittee on Select Education.  |t CAPTA.  |d [Bethesda, Md.] : ProQuest,[2004]  |o CIS 2002 H341-34  |w (ProQuest)cis00200268 
830 0 |a U.S. Congressional Hearings. 
856 4 0 |u http://proxy.library.tamu.edu/login?url=https://congressional.proquest.com/congcomp/getdoc?HEARING-ID=HRG-2001-HEW-0026  |z Connect to the full text of this electronic book  |t 0 
998 |a cis00200268 
999 |a MARS 
999 f f |s 7a28f027-74cb-3aef-bc92-90507ee5e214  |i 6ab2ef9c-9c92-3222-a3f8-86227b0884b2  |t 0 
952 f f |a Texas A&M University  |b College Station  |c Electronic Resources  |s www_evans  |d Available Online  |t 0  |e HRG-2001-HEW-0026  |h Other scheme 
998 f f |a HRG-2001-HEW-0026  |t 0  |l Available Online